LEADER 02385 am 2200457 n 450 001 9910218147603321 005 20170718 010 $a2-7574-1916-1 024 7 $a10.4000/books.septentrion.13933 035 $a(CKB)4100000000458702 035 $a(FrMaCLE)OB-septentrion-13933 035 $a(oapen)https://directory.doabooks.org/handle/20.500.12854/48278 035 $a(PPN)204524741 035 $a(EXLCZ)994100000000458702 100 $a20170922j|||||||| ||| 0 101 0 $afre 135 $auu||||||m|||| 181 $ctxt$2rdacontent 182 $cc$2rdamedia 183 $acr$2rdacarrier 200 10$aGandhi sa vie et sa pensée $eUn modèle pour le xxie siècle /$fRobert Deliège 210 $aVilleneuve d'Ascq $cPresses universitaires du Septentrion$d2017 215 $a1 online resource (230 p.) 330 $aGandhi est une des figures politiques les plus marquantes du xxe siècle. Alors que sa vie n'a cessé d'alimenter de nombreuses controverses, celles-ci semblent souvent s'être évaporées sous la plume de ses biographes succombant aisément à l'hagiographie. Le présent ouvrage, qui se veut à la fois synthétique et critique, analyse la vie, la pensée et l'?uvre de Gandhi. Dans une première partie, les étapes marquantes de sa vie seront retracées en mettant en exergue la force, mais aussi les ambiguïtés de ses actions. La seconde partie se focalisera sur la pensée de Gandhi : ses idées sur la religion, la politique, l'action sociale, la caste, la non-violence, les femmes et la sexualité seront examinées parmi d'autres. C'est un Gandhi à la fois plus humain et plus complexe qui se révélera au cours de ces pages ; loin d'être tarie, sa pensée ne se laisse pas enfermer dans des formules insipides et elle continuera d'influencer de nombreuses personnalités pour longtemps encore. 606 $aStatesmen$zIndia$vBiography 606 $aNationalists$zIndia$vBiography 606 $aNonviolence 606 $aPassive resistance 610 $anon-violence 610 $aGandhi 610 $apolitique 615 0$aStatesmen 615 0$aNationalists 615 0$aNonviolence. 615 0$aPassive resistance. 700 $aDeliège$b Robert$0473584 801 0$bFR-FrMaCLE 906 $aBOOK 912 $a9910218147603321 996 $aGandhi, sa vie et sa pens?ee$92903278 997 $aUNINA LEADER 01257nas 2200409 a 450 001 996336164803316 005 20240413013833.0 035 $a(CKB)1000000000321429 035 $a(CONSER) 2005235407 035 $a(MiAaPQ)2035679 035 $a(EXLCZ)991000000000321429 100 $a20050228a20009999 uyo 101 0 $aukr 200 00$aAktual?ni problemy ekonomiky 210 $aKyi?v $cBNZ "Nat?sional?na akademii?a upravlinni?a 215 $a1 online resource 300 $aRefereed/Peer-reviewed 311 08$aPrint version: Aktual?ni problemy ekonomiky. 1993-6788 (DLC) 2005235407 (OCoLC)57757189 606 $aEconomics$vPeriodicals 606 $aWirtschaftswissenschaft 606 $aWirtschaftspolitik 606 $aVolkswirtschaft 606 $aManagement 606 $aUkraine 607 $aUkraine$xEconomic conditions$vPeriodicals 615 0$aEconomics 615 7$aWirtschaftswissenschaft 615 7$aWirtschaftspolitik 615 7$aVolkswirtschaft 615 7$aManagement 615 7$aUkraine 712 02$aNat?sional?na akademii?a upravlinni?a. 906 $aJOURNAL 912 $a996336164803316 920 $aexl_impl conversion 996 $aAktual?ni problemy ekonomiky$92294753 997 $aUNISA